Cestovanie po sovietskom Arménsku /

Uložené v:
Podrobná bibliografia
Hlavný autor: Šaginjan, Marietta Sergejevna, 1888-1982 (Author)
Ďalší autori: Jedlička, Jaromír, 1901-1965 (Author of introduction, etc.)
Médium: Kniha
Jazyk:Slovak
Russian
Vydané: Bratislava : Svet socializmu, vydavateľstvo SV SČSP [Slovenského výboru Sväzu československého priateľstva], 1952
Vydanie:1. vyd.
ISBN: (viaz.)
Fyzický popis: 284 s. : [24] listov ilustr.
Tagy: Pridať tag
Žiadne tagy, Buďte prvý kto otaguje tento záznam!

MARC

LEADER 00000nam a22000001a 4500
001 000463534
005 20150411090954.0
008 060717 1952 xo e slo d
020 |a (viaz.)  |c Kčs 20,00 
040 |a SVKKK  |b slo  |c SVKKK  |e AACR2 
041 1 |a slo  |h rus 
044 |a xo  |c SK 
100 1 |a Šaginjan, Marietta Sergejevna,  |d 1888-1982  |4 aut 
245 1 0 |a Cestovanie po sovietskom Arménsku /  |c Marietta Šahiňanová ; preložil Ján Ratica ; doslov Jaromír Jedlička. 
250 |a 1. vyd. 
260 |a Bratislava :  |b Svet socializmu, vydavateľstvo SV SČSP [Slovenského výboru Sväzu československého priateľstva],  |c 1952  |e (Trnava,  |f Západoslovenské tlačiarne) 
300 |a 284 s. :  |b [24] listov ilustr. 
700 1 |a Jedlička, Jaromír,  |d 1901-1965  |4 aui  |7 jk01051401 
910 |a svkkk 
998 |a BK 
090 |g SCKHL  |k Sklad Pribinova 1. posch.  |a IV.31813  |j 343370  |i 463534-10  |s Prezenčne 
090 |g SCKHL  |k Sklad Pribinova 1. posch.  |a IV.33412  |j 344828  |i 463534-20  |s Prezenčne